| 000 | 00508nam a2200169 i 4500 | ||
|---|---|---|---|
| 001 | 94153 | ||
| 003 | ES-MaACL | ||
| 005 | 20230906181420.0 | ||
| 007 | t| | ||
| 008 | 050628s1968 sp ||||1| spa d | ||
| 100 | 1 |
_aMelnikov, N. M. _980009 |
|
| 245 | 1 | 0 |
_a[A. M. Kaledin, héroe... y caudillo del Don / _cN. M. Melnikov]. |
| 260 |
_a[Madrid : _bs.n., _c1968] ( _fImp. G. Sèz) |
||
| 300 |
_a374 p., 14 lám. ; _c21 cm. |
||
| 500 | _aTexto en carácteres cirílicos. | ||
| 852 |
_aES-MaACL _jC-50480 _bR.66007 |
||
| 999 |
_c94153 _d94153 |
||